[Event "VIE-chT (Women)"]
[Site "Ho Chi Minh City"]
[Date "2019.09.30"]
[Round "7.11"]
[White "Kieu, Bich Thuy"]
[Black "Phan, Quynh Mai"]
[Result "1-0"]
[WhiteElo "1940"]
[BlackElo "1821"]
[PlyCount "51"]
[EventDate "2019.09.26"]
[EventType "swiss"]
[EventRounds "9"]
[EventCountry "VIE"]
[SourceTitle "EXT 2020"]
[Source "ChessBase"]
[SourceDate "2019.10.17"]
[SourceVersion "1"]
[SourceVersionDate "2019.10.17"]
[SourceQuality "1"]

1. d4 Nf6 2. c4 g6 3. Nc3 d5 4. e3 Bg7 5. Nf3 0-0 6. Be2 dxc4 7. Bxc4 Nbd7 8. 0-0 c5 9. h3 cxd4 10. exd4 a6 11. a4 Qc7 12. Qe2 Nb6 13. Bb3 Rd8 14. Bg5 e6 15. Rac1 Qe7 16. a5 Nbd7 17. Nd5 Qf8 18. Nc7 Ra7 19. Ne5 b5 20. Nxf7 Qxf7 21. Bxe6 Nf8 22. Bxf7+ Kxf7 23. d5 Bf5 24. g4 Bc8 25. Rfe1 Kg8 26. Rc6 1-0

[Event "VIE-chT (Women)"]
[Site "Ho Chi Minh City"]
[Date "2019.09.28"]
[Round "4.14"]
[White "Le, Phu Nguyen Thao"]
[Black "Phan, Quynh Mai"]
[Result "0-1"]
[WhiteElo "1967"]
[BlackElo "1821"]
[PlyCount "90"]
[EventDate "2019.09.26"]
[EventType "swiss"]
[EventRounds "9"]
[EventCountry "VIE"]
[SourceTitle "EXT 2020"]
[Source "ChessBase"]
[SourceDate "2019.10.17"]
[SourceVersion "1"]
[SourceVersionDate "2019.10.17"]
[SourceQuality "1"]

1. Nf3 d5 2. d4 Nf6 3. g3 b6 4. Bg2 Bb7 5. 0-0 e6 6. c4 Be7 7. cxd5 exd5 8. Bf4 Nh5 9. Bd2 Nd7 10. Ne5 0-0 11. Qa4 Nxe5 12. dxe5 g6 13. Nc3 c6 14. Rad1 b5 15. Qc2 Rb8 16. Bh6 Re8 17. Bh3 Bc8 18. g4 Bg5 19. Bxg5 Qxg5 20. e3 Bxg4 21. Bxg4 Qxg4+ 22. Kh1 Qf3+ 23. Kg1 Rxe5 24. Rfe1 Rg5+ 25. Kf1 Rg2 26. Re2 Rxh2 27. Ke1 Nf6 28. Rd4 b4 29. Nxd5 cxd5 30. Rf4 Ne4 31. Rxe4 Qxe4 32. Qc7 Qb1+ 33. Kd2 Qxb2+ 34. Kd3 Qc3+ 35. Qxc3 bxc3 36. Kxc3 Rh4 37. Rd2 Rc4+ 38. Kd3 h5 39. f3 Ra4 40. Kc3 Rb5 41. Rg2 Kg7 42. f4 Kf6 43. Rg5 Rxa2 44. e4 d4+ 45. Kxd4 Rxg5 0-1

[Event "VIE Cup (Women)"]
[Site "Bac Giang"]
[Date "2018.06.02"]
[Round "6"]
[White "Hoang, Thi Bao Tram"]
[Black "Phan, Quynh Mai"]
[Result "1-0"]
[WhiteElo "2366"]
[BlackElo "1753"]
[PlyCount "115"]
[EventDate "2018.05.30"]
[EventType "swiss"]
[EventRounds "9"]
[EventCountry "VIE"]
[SourceTitle "CBM 184 Extra"]
[Source "ChessBase"]
[SourceDate "2018.06.28"]
[SourceVersion "1"]
[SourceVersionDate "2018.06.28"]
[SourceQuality "1"]

1. Nf3 d5 2. d4 Nf6 3. g3 e6 4. Bg2 Bd6 5. 0-0 Nbd7 6. c4 c6 7. Qc2 0-0 8. Nbd2 b6 9. cxd5 cxd5 10. Qc6 Qc7 11. Qb5 Bb7 12. a4 a6 13. Qd3 Bc6 14. b3 Qb7 15. Bb2 a5 16. Ne5 Rac8 17. Rac1 Nb8 18. Rc2 Bd7 19. Nxd7 Qxd7 20. Rfc1 Bb4 21. Nf3 Rxc2 22. Qxc2 b5 23. Ne5 Qb7 24. Nd3 Bd6 25. e3 h6 26. Bf1 b4 27. Ne5 Nfd7 28. Bb5 Nb6 29. Nd3 Rc8 30. Nc5 Qe7 31. Qe2 Bxc5 32. dxc5 Rxc5 33. Rxc5 Qxc5 34. Qg4 Qf8 35. Qd4 N8d7 36. f4 f6 37. Qd1 Qc8 38. Qg4 Kf7 39. Bd3 Nf8 40. Qf3 Qc5 41. g4 Kg8 42. h4 Qe7 43. Qg3 Nbd7 44. g5 fxg5 45. hxg5 hxg5 46. fxg5 e5 47. e4 d4 48. Bc4+ Ne6 49. Qg4 Ndf8 50. Qf5 Kh8 51. Bc1 Qd6 52. Kf1 Nc5 53. Qh3+ Nh7 54. g6 Qf6+ 55. Ke1 Qxg6 56. Qc8+ Nf8 57. Qxf8+ Kh7 58. Qg8# 1-0

[Event "VIE Cup (Women)"]
[Site "Bac Giang"]
[Date "2018.06.01"]
[Round "4"]
[White "Nguyen, Thi Thao Linh"]
[Black "Phan, Quynh Mai"]
[Result "0-1"]
[WhiteElo "1800"]
[BlackElo "1753"]
[PlyCount "130"]
[EventDate "2018.05.30"]
[EventType "swiss"]
[EventRounds "9"]
[EventCountry "VIE"]
[SourceTitle "CBM 184 Extra"]
[Source "ChessBase"]
[SourceDate "2018.06.28"]
[SourceVersion "1"]
[SourceVersionDate "2018.06.28"]
[SourceQuality "1"]

1. d4 Nf6 2. Nf3 g6 3. g3 Bg7 4. Bg2 0-0 5. 0-0 d5 6. c4 dxc4 7. Ne5 Nbd7 8. Nxc4 c6 9. Nc3 Nb6 10. Ne5 Ng4 11. f4 Nxe5 12. fxe5 Be6 13. b3 f6 14. exf6 Bxf6 15. e3 c5 16. Ne4 cxd4 17. Nxf6+ Rxf6 18. Rxf6 exf6 19. exd4 Bd5 20. Bb2 Bxg2 21. Kxg2 Qd5+ 22. Qf3 Rc8 23. Rc1 Rxc1 24. Qxd5+ Nxd5 25. Bxc1 Kf7 26. Kf3 Ke6 27. Bd2 f5 28. a4 Nf6 29. h4 Kd5 30. Be3 Ne4 31. g4 Nd6 32. Bf2 a6 33. Kf4 fxg4 34. Kxg4 Nf7 35. Kf4 h6 36. Kg4 Ke4 37. h5 gxh5+ 38. Kxh5 Nd6 39. Kxh6 Nf5+ 40. Kg5 Nxd4 41. b4 Kd5 42. Kf4 Kc4 43. Ke4 Nc2 44. b5 a5 45. Ke5 Kb4 46. Kd6 Kxa4 47. b6 Kb5 48. Kc7 Ka6 49. Bc5 a4 50. Kd6 a3 51. Bxa3 Nxa3 52. Kc5 Ka5 53. Kd4 Kxb6 54. Kc3 Kc5 55. Kb3 Nc4 56. Kc3 b5 57. Kb3 Nb6 58. Kc3 b4+ 59. Kb3 Nd5 60. Kb2 Kc4 61. Kc2 Ne3+ 62. Kb2 b3 63. Kb1 Kc3 64. Ka1 Nc4 65. Kb1 Nd2+ 0-1

[Event "VIE-ch U17 Girls"]
[Site "Da Lat"]
[Date "2013.07.??"]
[Round "7"]
[White "Phan, Quynh Mai"]
[Black "Tran Nguyen Bao, Tran"]
[Result "1-0"]
[WhiteElo "1987"]
[BlackElo "1577"]
[PlyCount "123"]
[EventDate "2013.07.13"]
[EventType "swiss"]
[EventRounds "9"]
[EventCountry "VIE"]
[SourceTitle "EXT 2014"]
[Source "ChessBase"]
[SourceDate "2013.11.20"]
[SourceVersion "1"]
[SourceVersionDate "2013.11.20"]
[SourceQuality "1"]

1. d4 d5 2. Nf3 Nf6 3. e3 c6 4. b3 g6 5. Bb2 Bg7 6. Be2 Nbd7 7. Nbd2 e6 8. 0-0 b6 9. c4 Bb7 10. Ba3 c5 11. Rc1 Rc8 12. b4 Bf8 13. Qb3 cxb4 14. Bxb4 Bxb4 15. Qxb4 a5 16. Qa3 Ba6 17. Rfe1 Qe7 18. Qb2 0-0 19. cxd5 Rxc1 20. Qxc1 Rc8 21. Qb2 Bxe2 22. dxe6 Qxe6 23. Rxe2 Nd5 24. Nb1 Nb4 25. h3 Qc4 26. Kh2 Qc1 27. Qb3 Qc7+ 28. g3 Qc4 29. Qxc4 Rxc4 30. a3 Nd5 31. Rb2 N5f6 32. Nbd2 Rc3 33. Rb3 Rxb3 34. Nxb3 Ne4 35. Kg2 Nc3 36. Nfd2 Kf8 37. Kf3 Ke7 38. e4 a4 39. Na1 Nf8 40. Nc2 h5 41. Ke3 Nd1+ 42. Ke2 Nb2 43. f4 Nh7 44. g4 Nf6 45. g5 Nh7 46. Nb4 b5 47. d5 f6 48. gxf6+ Nxf6 49. e5 Nd7 50. Ke3 Nd1+ 51. Kd4 Nf2 52. h4 Ng4 53. Ne4 Nh6 54. Nc6+ Ke8 55. Nd6+ Kf8 56. e6 Nf6 57. e7+ Kg8 58. Nxb5 Nf5+ 59. Ke5 Nd7+ 60. Ke6 Nc5+ 61. Kf6 Ne4+ 62. Ke5 1-0